Statistics for Former Commonwealth Realms

Click here to take the quiz!

General Stats

  • This quiz has been taken 75 times
  • The average score is 12 of 18

Answer Stats

Abolition YearMethod of TransitionAnswer% Correct
1950New ConstitutionIndia
92%
1949Act of ParliamentIreland
85%
1956New ConstitutionPakistan
85%
1961ReferendumSouth Africa
79%
1987Military CoupFiji
77%
1964New ConstitutionKenya
73%
1960ReferendumGhana
69%
1962New ConstitutionTanganyika (now part of Tanzania)
69%
1972New ConstitutionCeylon (now known as Sri Lanka)
67%
1963Constitutional AmendmentNigeria
67%
1963Constitutional AmendmentUganda
63%
1974Constitutional AmendmentMalta
60%
1970ReferendumThe Gambia
60%
1970Constitutional AmendmentGuyana
56%
1976New ConstitutionTrinidad and Tobago
54%
1966New ConstitutionMalawi
52%
1971New ConstitutionSierra Leone
52%
1992Constitutional AmendmentMauritius
44%

Score Distribution

Percentile by Number Answered

Percent of People with Each Score

Your Score History

You have not taken this quiz